<?xml version="1.0" encoding="UTF-8"?><record xmlns="http://www.loc.gov/MARC21/slim" xmlns:zs="http://docs.oasis-open.org/ns/search-ws/sruResponse">
  <leader>03036cas a2200625 a 4500</leader>
  <controlfield tag="001">11296020</controlfield>
  <controlfield tag="005">20251107124038.3</controlfield>
  <controlfield tag="008">830208d18881998inudr ne      0   a0eng  </controlfield>
  <datafield ind1=" " ind2=" " tag="010">
    <subfield code="a">sn 85047505 </subfield>
    <subfield code="z">sn 82016209 </subfield>
  </datafield>
  <datafield ind1=" " ind2=" " tag="019">
    <subfield code="a">9244851</subfield>
    <subfield code="a">11644659</subfield>
    <subfield code="a">926112952</subfield>
    <subfield code="a">990759342</subfield>
  </datafield>
  <datafield ind1="1" ind2=" " tag="022">
    <subfield code="a">1077-5390</subfield>
    <subfield code="2">1</subfield>
  </datafield>
  <datafield ind1="0" ind2=" " tag="023">
    <subfield code="a">1077-5390</subfield>
    <subfield code="2">1</subfield>
  </datafield>
  <datafield ind1="1" ind2=" " tag="029">
    <subfield code="a">AU@</subfield>
    <subfield code="b">000020235344</subfield>
  </datafield>
  <datafield ind1="1" ind2=" " tag="029">
    <subfield code="a">NZ1</subfield>
    <subfield code="b">16075639</subfield>
  </datafield>
  <datafield ind1=" " ind2=" " tag="035">
    <subfield code="a">(OCoLC)9201480</subfield>
  </datafield>
  <datafield ind1=" " ind2=" " tag="040">
    <subfield code="a">DLC</subfield>
    <subfield code="b">eng</subfield>
    <subfield code="c">DLC</subfield>
    <subfield code="d">NPI</subfield>
    <subfield code="d">DLC</subfield>
    <subfield code="d">NPI</subfield>
    <subfield code="d">OCL</subfield>
    <subfield code="d">DLC</subfield>
    <subfield code="d">NPI</subfield>
    <subfield code="d">KNP</subfield>
    <subfield code="d">NSD</subfield>
    <subfield code="d">NVF</subfield>
    <subfield code="d">NPI</subfield>
    <subfield code="d">IUL</subfield>
    <subfield code="d">DLC</subfield>
    <subfield code="d">NVF</subfield>
    <subfield code="d">OCLCQ</subfield>
    <subfield code="d">DLC</subfield>
    <subfield code="d">OCLCO</subfield>
    <subfield code="d">OCLCF</subfield>
    <subfield code="d">OCLCQ</subfield>
    <subfield code="d">KL6</subfield>
    <subfield code="d">OCLCL</subfield>
    <subfield code="d">OCLCQ</subfield>
  </datafield>
  <datafield ind1=" " ind2=" " tag="042">
    <subfield code="a">nsdp</subfield>
    <subfield code="a">pcc</subfield>
  </datafield>
  <datafield ind1=" " ind2=" " tag="043">
    <subfield code="a">n-us-in</subfield>
  </datafield>
  <datafield ind1="0" ind2="0" tag="050">
    <subfield code="a">Newspaper</subfield>
  </datafield>
  <datafield ind1=" " ind2="4" tag="222">
    <subfield code="a">The Evansville courier</subfield>
  </datafield>
  <datafield ind1="0" ind2="4" tag="245">
    <subfield code="a">The Evansville courier.</subfield>
  </datafield>
  <datafield ind1="3" ind2=" " tag="246">
    <subfield code="a">Sunday courier and journal</subfield>
  </datafield>
  <datafield ind1="3" ind2=" " tag="246">
    <subfield code="a">Sunday courier and press</subfield>
  </datafield>
  <datafield ind1="3" ind2=" " tag="246">
    <subfield code="a">Sunday courier &amp; press</subfield>
  </datafield>
  <datafield ind1="3" ind2=" " tag="246">
    <subfield code="a">Sunday courier</subfield>
  </datafield>
  <datafield ind1=" " ind2=" " tag="260">
    <subfield code="a">Evansville, Ind. :</subfield>
    <subfield code="b">[Evansville Courier Co.],</subfield>
    <subfield code="c">1888-1998.</subfield>
  </datafield>
  <datafield ind1=" " ind2=" " tag="300">
    <subfield code="a">111 volumes :</subfield>
    <subfield code="b">illustrations ;</subfield>
    <subfield code="c">60 cm</subfield>
  </datafield>
  <datafield ind1=" " ind2=" " tag="310">
    <subfield code="a">Daily</subfield>
  </datafield>
  <datafield ind1=" " ind2=" " tag="336">
    <subfield code="a">text</subfield>
    <subfield code="b">txt</subfield>
    <subfield code="2">rdacontent</subfield>
  </datafield>
  <datafield ind1=" " ind2=" " tag="337">
    <subfield code="a">unmediated</subfield>
    <subfield code="b">n</subfield>
    <subfield code="2">rdamedia</subfield>
  </datafield>
  <datafield ind1=" " ind2=" " tag="338">
    <subfield code="a">volume</subfield>
    <subfield code="b">nc</subfield>
    <subfield code="2">rdacarrier</subfield>
  </datafield>
  <datafield ind1="0" ind2=" " tag="362">
    <subfield code="a">Vol. 25, no. 233 (Apr. 2, 1888)-Dec. 31, 1998.</subfield>
  </datafield>
  <datafield ind1=" " ind2=" " tag="500">
    <subfield code="a">Publisher from Apr. 15, 1888 issue.</subfield>
  </datafield>
  <datafield ind1=" " ind2=" " tag="500">
    <subfield code="a">Sunday ed. published jointly with: Evansville journal, as: Sunday courier and journal, 1923-Nov. 8, 1936; published jointly with: Evansville press, as: Sunday courier and press, Jan. 1, 1939-Oct. 26, 1986; published as: Sunday courier, Nov. 2, 1986-June 3, 1990.</subfield>
  </datafield>
  <datafield ind1=" " ind2=" " tag="530">
    <subfield code="a">Preservation microfilmed by the University of Illinois at Urbana-Champaign Library as part of the United States Newspaper Program; the year 1947 (on 1 microfilm reel) is available for purchase from OCLC Preservation Service Centers.</subfield>
  </datafield>
  <datafield ind1=" " ind2=" " tag="580">
    <subfield code="a">Published also in weekly eds. called: Evansville weekly courier, 1888-1902; and: Ohio Valley courier, 1904-1907.</subfield>
  </datafield>
  <datafield ind1=" " ind2=" " tag="580">
    <subfield code="a">Merged with: Evansville press; to form: Evansville courier &amp; press.</subfield>
  </datafield>
  <datafield ind1=" " ind2="0" tag="651">
    <subfield code="a">Evansville (Ind.)</subfield>
    <subfield code="v">Newspapers.</subfield>
  </datafield>
  <datafield ind1=" " ind2="7" tag="651">
    <subfield code="a">Indiana</subfield>
    <subfield code="z">Evansville.</subfield>
    <subfield code="2">fast</subfield>
    <subfield code="0">(OCoLC)fst01213859</subfield>
    <subfield code="1">https://id.oclc.org/worldcat/entity/E39PBJbxxV6cwBb493TJkxg9Xd</subfield>
  </datafield>
  <datafield ind1=" " ind2="7" tag="655">
    <subfield code="a">Newspapers.</subfield>
    <subfield code="2">fast</subfield>
    <subfield code="0">(OCoLC)fst01423814</subfield>
  </datafield>
  <datafield ind1=" " ind2="7" tag="655">
    <subfield code="a">Newspapers.</subfield>
    <subfield code="2">lcgft</subfield>
    <subfield code="0">(OCoLC)fst01423814</subfield>
  </datafield>
  <datafield ind1=" " ind2=" " tag="752">
    <subfield code="a">United States</subfield>
    <subfield code="b">Indiana</subfield>
    <subfield code="c">Vanderburgh</subfield>
    <subfield code="d">Evansville.</subfield>
  </datafield>
  <datafield ind1="1" ind2=" " tag="775">
    <subfield code="t">Evansville weekly courier</subfield>
    <subfield code="w">(DLC)sn 84027335</subfield>
    <subfield code="w">(OCoLC)11031468</subfield>
  </datafield>
  <datafield ind1="1" ind2=" " tag="775">
    <subfield code="t">Ohio Valley courier</subfield>
  </datafield>
  <datafield ind1="0" ind2="0" tag="780">
    <subfield code="t">Evansville daily courier</subfield>
    <subfield code="w">(DLC)sn 82016319</subfield>
    <subfield code="w">(OCoLC)9287000</subfield>
  </datafield>
  <datafield ind1="1" ind2="7" tag="785">
    <subfield code="t">Evansville press</subfield>
    <subfield code="x">0896-6249</subfield>
    <subfield code="w">(DLC)sn 82015671</subfield>
    <subfield code="w">(OCoLC)8810009</subfield>
  </datafield>
  <datafield ind1="1" ind2="7" tag="785">
    <subfield code="t">Evansville courier &amp; press</subfield>
    <subfield code="x">1559-1581</subfield>
    <subfield code="w">(DLC)sn 98063103</subfield>
    <subfield code="w">(OCoLC)40845313</subfield>
  </datafield>
  <datafield ind1=" " ind2=" " tag="906">
    <subfield code="a">7</subfield>
    <subfield code="b">cbc</subfield>
    <subfield code="c">serials</subfield>
    <subfield code="d">u</subfield>
    <subfield code="e">ncip</subfield>
    <subfield code="f">19</subfield>
    <subfield code="g">n-oclcserc</subfield>
  </datafield>
  <datafield ind1="0" ind2=" " tag="925">
    <subfield code="a">Acquire</subfield>
    <subfield code="b">1 shelf copy</subfield>
    <subfield code="x">Policy default 06-30-00</subfield>
  </datafield>
  <datafield ind1=" " ind2=" " tag="955">
    <subfield code="a">db08 06-28-00; to Ser 06-30-00</subfield>
  </datafield>
  <datafield ind1="0" ind2=" " tag="249">
    <subfield code="i">ACQUIRE Title:</subfield>
    <subfield code="a">Evansville courier</subfield>
  </datafield>
  <datafield ind1=" " ind2=" " tag="592">
    <subfield code="a">ACQN: aq 94009364</subfield>
  </datafield>
  <datafield ind1=" " ind2=" " tag="984">
    <subfield code="a">ncf</subfield>
    <subfield code="b">microfilm holdings</subfield>
  </datafield>
  <datafield ind1=" " ind2=" " tag="991">
    <subfield code="b">c-Ser</subfield>
    <subfield code="h">Newspaper 7002</subfield>
    <subfield code="w">SERIALS</subfield>
  </datafield>
  <datafield ind1=" " ind2=" " tag="992">
    <subfield code="b">93000520</subfield>
    <subfield code="w">ACQUIRE</subfield>
  </datafield>
</record>
